| 000 | 01128cam a2200337 a 4500 | ||
|---|---|---|---|
| 008 | 140513s2008 fr a b 000 0 fre | ||
| 020 | _a2081209268 | ||
| 020 | _a9782081209268 | ||
| 040 |
_aEG-GiCUC _bfre _cEG-GiCUC |
||
| 050 | 0 | 0 |
_aPN6748.A8 _bR67 2008 |
| 092 | 0 | 4 |
_a848.91409 _bR8699 _221 |
| 099 |
_a04 _a848.91409 R8699 |
||
| 100 | 1 | _aRouviere, Nicolas. | |
| 245 | 1 | 0 |
_aAsterix, ou, La parodie des identites / _cNicolas Rouviere ; preface Pascal Ory. |
| 246 | 1 | 3 | _aParodie des identite{u00B4}s. |
| 250 | _a1re ed. | ||
| 260 |
_aParis : _bFlammarion, _c2008. |
||
| 300 |
_a337 p. : _bill. ; _c24 cm. |
||
| 490 | 1 |
_aChamps (Flammarion (Firme)), _v763. |
|
| 504 | _aIncludes bibliographical references (p. 223-[226]). | ||
| 600 | 1 | 0 |
_aGoscinny, _d1926-1977. _tAsterix. |
| 600 | 1 | 0 |
_aUderzo _xCriticism and interpretation. |
| 630 | 0 | 0 | _aAsterix (Comic strip) |
| 630 | 0 | 0 | _aGoscinny, Rene{u00B4}, -- 1926-1977 -- Personnages. |
| 630 | 0 | 0 | _aUderzo -- Personnages. |
| 902 | _a1 | ||
| 905 |
_aIbrahim _eRev |
||
| 905 |
_aJamal _eCat. |
||
| 942 |
_2ddc _cBK |
||
| 999 |
_c133626 _d133626 |
||